<?xml version="1.0" encoding="UTF-8"?>
<record
    xmlns:xsi="http://www.w3.org/2001/XMLSchema-instance"
    xsi:schemaLocation="http://www.loc.gov/MARC21/slim http://www.loc.gov/standards/marcxml/schema/MARC21slim.xsd"
    xmlns="http://www.loc.gov/MARC21/slim">

  <leader>00449    a2200133   4500</leader>
  <controlfield tag="001">ART_6234</controlfield>
  <controlfield tag="005">20260410161825.0</controlfield>
  <controlfield tag="008">260409a                                 </controlfield>
  <datafield tag="245" ind1="1" ind2="0">
    <subfield code="a">Los gastos de consumo de las familias marplatenses y sus diferencias con los de las familias del Gran Buenos Aires</subfield>
  </datafield>
  <datafield tag="100" ind1="1" ind2=" ">
    <subfield code="a">Berges, Miriam</subfield>
  </datafield>
  <datafield tag="700" ind1="1" ind2=" ">
    <subfield code="a">Rodriguez, Elsa</subfield>
  </datafield>
  <datafield tag="700" ind1="1" ind2=" ">
    <subfield code="a">Di Paola, Ros&#xE1;ngela</subfield>
  </datafield>
  <datafield tag="773" ind1="0" ind2=" ">
    <subfield code="t">FACES</subfield>
    <subfield code="g">- A&#xF1;o 4, N&#xBA; 6 (oct. 1998)</subfield>
    <subfield code="w">REV5046</subfield>
  </datafield>
  <datafield tag="999" ind1=" " ind2=" ">
    <subfield code="c">22724</subfield>
    <subfield code="d">22724</subfield>
  </datafield>
</record>
